000 00716nam a2200217 a 4500
001 000034170
005 20200930070832.0
008 110926s1987 es 000 0 spa d
020 _a8477745846
040 _aDO-SdBNP
_bspa
_cBNPHU
100 1 _aWollheim, Richard,
_d1923-
_959590
245 1 3 _aLa pintura como arte /
_cRichard Wollheim ; traducción de Bernardo Moreno Carillo.
260 _aEspaña :
_bVisor,
_c1987.
300 _a483 p. :
_bil. ;
_c24 cm.
490 1 _aLa balsa de la medusa ;
_v84
500 _aNotas al pie de las páginas
534 _aTítulo original.
_kPainting as an art.
700 1 _aCarillo, Bernardo Moreno
_959591
830 0 _aLa balsa de la medusa ;
_v84
_959592
049 _aBNPD
999 _c33661
_d33661